Curso de derecho civil
Uloženo v:
| Hlavní autor: | |
|---|---|
| Médium: | Kniha |
| Jazyk: | španělština |
| Vydáno: |
Santiago
Nascimento
1930
|
| Vydání: | 4a. ed |
| Témata: | |
| Tagy: |
Přidat tag
Žádné tagy, Buďte první, kdo vytvoří štítek k tomuto záznamu!
|
MARC
| LEADER | 00000cam a2200000 a 4500 | ||
|---|---|---|---|
| 001 | UCS1756 | ||
| 003 | CL-VaPUC | ||
| 008 | 970515e19300000CL |||||||||||||||||spa|d | ||
| 082 | 0 | 4 | |a 346.83 |b BAR |2 21 |
| 100 | 0 | |a Barros Errázuriz, Alfredo |e author |9 386502 | |
| 245 | 1 | 0 | |a Curso de derecho civil |
| 250 | |a 4a. ed | ||
| 300 | |a v | ||
| 942 | |c BK | ||
| 945 | |d 19970515 00:00:00 |a paguirre | ||
| 260 | |a Santiago |b Nascimento |c 1930 | ||
| 500 | |a v.1: Primer año | ||
| 500 | |a v.2: Segundo año, primera parte. Trata de las obligaciones en general | ||
| 500 | |a v.3: Segundo año, segunda parte. Trata de los contratos y demás fuentes de las obligaciones | ||
| 500 | |a v.4: Tercer año, primera parte | ||
| 500 | |a v.5: Tercer año, segunda parte. Trata de la sucesión por causa de muerte y de las donaciones entre vivos | ||
| 650 | 0 | |a Derecho civil |9 255013 | |
| 650 | 0 | |a Derecho comparado |9 255664 | |
| 650 | 7 | |a LEY |2 CL-VaPUC |9 386503 | |
| 650 | 0 | |a Actos jurídicos |9 255748 | |
| 650 | 7 | |a PERSONA |2 CL-VaPUC |9 327934 | |
| 650 | 0 | |a Personas jurídicas |9 257259 | |
| 650 | 0 | |a Propiedad |9 255268 | |
| 650 | 0 | |a Bienes |9 255749 | |
| 650 | 0 | |a Usufructo |9 256763 | |
| 650 | 7 | |a SERVIDUMBRES |2 CL-VaPUC |9 256762 | |
| 650 | 0 | |a Obligaciones |9 255578 | |
| 650 | 0 | |a Contratos |9 255153 | |
| 650 | 0 | |a Compraventa |9 255413 | |
| 650 | 0 | |a Deudor y acreedor |9 256643 | |
| 650 | 0 | |a Derecho de familia |9 255603 | |
| 650 | 0 | |a Familias |9 255641 | |
| 650 | 7 | |a MATRIMONIO |2 CL-VaPUC |9 386504 | |
| 650 | 0 | |a Filiación |9 256647 | |
| 650 | 0 | |a Adopción |9 255783 | |
| 650 | 0 | |a Derecho sucesorio |9 255015 | |
| 650 | 0 | |a Donación entre vivos |9 385867 | |
| 650 | 0 | |a Donación |9 255016 | |
| 651 | 7 | |a CHILE |2 CL-VaPUC |9 386505 | |
| 583 | |a last modification |c 20160630 02:33:18 |k Rodrigo Vera | ||
| 999 | |c 259788 |d 259786 | ||
| 952 | |0 0 |1 0 |4 0 |6 346_830000000000000_BAR_1930 |7 0 |8 X |9 285113 |a BIBDER |b BIBDER |d 2019-11-19 |h v.1 |i 1850679 |o 346.83 BAR 1930 |p 1850679 |r 2023-01-25 |w 2019-11-19 |y BK_X |k DER | ||
| 952 | |0 0 |1 0 |4 0 |6 346_830000000000000_BAR_1930 |7 0 |8 X |9 285114 |a BIBDER |b BIBDER |d 2019-11-19 |h v.2 |i 1850687 |l 2 |o 346.83 BAR 1930 |p 1850687 |r 2024-07-04 |s 2024-07-04 |w 2019-11-19 |y BK_X |k DER | ||
| 952 | |0 0 |1 0 |4 0 |6 346_830000000000000_BAR_1930 |7 0 |8 X |9 285115 |a BIBDER |b BIBDER |d 2019-11-19 |h v.3 |i 1850695 |l 1 |o 346.83 BAR 1930 |p 1850695 |r 2024-06-10 |s 2024-06-10 |w 2019-11-19 |y BK_X |k DER | ||
| 952 | |0 0 |1 0 |4 0 |6 346_830000000000000_BAR_1930 |7 0 |8 X |9 285116 |a BIBDER |b BIBDER |d 2019-11-19 |h v.3 |i 1850717 |o 346.83 BAR 1930 |p 1850717 |r 2023-01-25 |w 2019-11-19 |y BK_X |k DER | ||
| 952 | |0 0 |1 0 |4 0 |6 346_830000000000000_BAR_1930 |7 0 |8 X |9 285117 |a BIBDER |b BIBDER |d 2019-11-19 |h v.4 |i 1850709 |o 346.83 BAR 1930 |p 1850709 |r 2023-01-25 |w 2019-11-19 |y BK_X |k DER | ||
| 952 | |0 0 |1 0 |4 0 |6 346_830000000000000_BAR_1930 |7 0 |8 X |9 285118 |a BIBDER |b BIBDER |d 2019-11-19 |h v.5 |i 1850725 |o 346.83 BAR 1930 |p 1850725 |r 2023-01-25 |w 2019-11-19 |y BK_X |k DER | ||
| 952 | |0 0 |1 0 |4 0 |6 346_830000000000000_BAR_1930 |7 0 |8 X |9 285119 |a BIBDER |b BIBDER |d 2019-11-19 |h v.5 |i 1954016 |o 346.83 BAR 1930 |p 1954016 |r 2023-01-25 |w 2019-11-19 |y BK_X |k DER | ||
| 952 | |0 0 |1 0 |4 0 |6 346_830000000000000_BAR_1930 |7 0 |8 X |9 285120 |a BIBDER |b BIBDER |d 2019-11-19 |h v.3 |i 1954466 |o 346.83 BAR 1930 |p 1954466 |r 2023-01-25 |w 2019-11-19 |y BK_X |k DER | ||
| 952 | |0 0 |1 0 |4 0 |6 346_830000000000000_BAR_1930 |7 0 |8 X |9 285121 |a BIBDER |b BIBDER |d 2019-11-19 |h v.2 |i 1954415 |o 346.83 BAR 1930 |p 1954415 |r 2023-01-25 |w 2019-11-19 |y BK_X |k DER | ||
| 952 | |0 0 |1 0 |4 0 |6 346_830000000000000_BAR_1930 |7 0 |8 X |9 285122 |a BIBDER |b BIBDER |d 2019-11-19 |h v.1 |i 1954563 |o 346.83 BAR 1930 |p 1954563 |r 2023-01-25 |w 2019-11-19 |y BK_X |k DER | ||
| 952 | |0 0 |1 0 |3 erb |4 0 |6 346_830000000000000_BAR_1930 |7 0 |8 X |9 285123 |a BIBDER |b BIBDER |h v.1 |i 5312973 |o 346.83 BAR 1930 |p 5312973 |r 2023-01-25 |w 2019-11-19 |y BK_X |z Catalogado en:20160609 |k DER | ||